[Event "Detroit (MI Op/6/40)"]
[Site "?"]
[Date "1990.??.??"]
[Round "?"]
[White "Choksi, E."]
[Black "Lahr, Fred"]
[Result "1-0"]
[WhiteElo "1865"]
[BlackElo "1735"]
[PlyCount "73"]
[EventDate "1990.??.??"]

{6/(40)} 1. e4 e5 2. Nf3 Nc6 3. d4 exd4 4. Bc4 Nf6 5. e5 Bb4+ 6. c3 d5 7. exf6
dxc3 8. bxc3 Qxf6 9. Bxd5 O-O 10. O-O Bg4 11. Bg5 Bxf3 12. Bxf6 Bxd1 13. Rxd1
gxf6 14. Bxc6 Bxc3 15. Nxc3 bxc6 16. Rd7 Rfe8 17. Rxc7 Re6 18. Rb1 a5 19. Kf1
Rae8 20. g3 Kg7 21. Rbb7 Re1+ 22. Kg2 Rc1 23. Rxc6 Rc2 24. Rcc7 Re1 25. Rxf7+
Kg6 26. g4 Kg5 27. Rg7+ Kf4 28. Nd5+ Ke5 29. Rbe7+ Kxd5 30. Rxe1 Rxa2 31. Rxh7
Kc4 32. Rf7 a4 33. Rxf6 Rb2 34. Ra1 Rb4 35. Ra6 Kb3 36. Kg3 Rc4 37. R1xa4 1-0

[Event "Detroit (MI Op/7/33)"]
[Site "?"]
[Date "1990.??.??"]
[Round "?"]
[White "Choksi, E."]
[Black "Johnson, H."]
[Result "1-0"]
[WhiteElo "1865"]
[BlackElo "1950"]
[PlyCount "91"]
[EventDate "1990.??.??"]

{7/(33)} 1. e4 e5 2. Nf3 Nc6 3. d4 exd4 4. c3 Nf6 5. e5 Ng4 6. cxd4 Bb4+ 7. Nc3
d6 8. h3 Nh6 9. Bd3 Nf5 10. Bg5 Nfe7 11. O-O dxe5 12. dxe5 O-O 13. Re1 Be6 14.
Qc2 h6 15. Bh4 a6 16. Rad1 Qc8 17. Bg3 Nf5 18. Bh2 Kh8 19. Be4 Ba5 20. a3 Bb6
21. Ne2 Na5 22. Ned4 Nxd4 23. Nxd4 c5 24. Nxe6 fxe6 25. Bf3 Nc6 26. Qg6 Rxf3
27. gxf3 Nd4 28. Kg2 Qc6 29. Qe4 Qc7 30. b4 Rf8 31. bxc5 Qxc5 32. Bf4 Nc2 33.
Re2 Nxa3 34. Be3 Qc7 35. Bxb6 Qxb6 36. Qe3 Qb5 37. Qxa3 Qxe2 38. Qxf8+ Kh7 39.
Qd6 Qb2 40. Qxe6 Qc2 41. Rd7 b5 42. Qf7 Qg6+ 43. Qxg6+ Kxg6 44. Ra7 Kf5 45.
Rxa6 Kxe5 46. Rb6 1-0

[Event "Detroit (MI Op/5/15)"]
[Site "?"]
[Date "1990.??.??"]
[Round "?"]
[White "Chehayeb, Sal"]
[Black "Vukotic, D."]
[Result "1-0"]
[WhiteElo "2140"]
[BlackElo "1985"]
[PlyCount "43"]
[EventDate "1990.??.??"]

{5/(15)} 1. e4 c5 2. Nf3 d6 3. d4 cxd4 4. Nxd4 Nf6 5. Nc3 g6 6. Be3 Bg7 7. f3
O-O 8. Qd2 Nc6 9. Bc4 Bd7 10. O-O-O Ne5 11. Bb3 Rc8 12. h4 Nc4 13. Bxc4 Rxc4
14. h5 Nxh5 15. g4 Nf6 16. e5 dxe5 17. Nb3 Rd4 18. Nxd4 exd4 19. Bxd4 Bc6 20.
Qh2 Qd6 21. Be5 Bh6+ 22. Kb1 1-0

[Event "Detroit (MCO/2/15)"]
[Site "?"]
[Date "1990.??.??"]
[Round "?"]
[White "Chehayeb, Sal"]
[Black "Tata, R."]
[Result "1-0"]
[WhiteElo "2150"]
[BlackElo "1605"]
[PlyCount "71"]
[EventDate "1990.??.??"]

{2/(15)} 1. e4 c5 2. Nf3 d6 3. d4 cxd4 4. Nxd4 Nf6 5. Nc3 g6 6. Be3 Bg7 7. Bc4
Bd7 8. f3 O-O 9. Qd2 Nc6 10. h4 h5 11. O-O-O Rc8 12. Bb3 Ne5 13. Kb1 Rxc3 14.
Qxc3 Qc8 15. Qxc8 Rxc8 16. Ne2 Bb5 17. Nc3 a6 18. Nxb5 axb5 19. Bd5 Nc6 20.
Rhg1 Nxd5 21. Rxd5 b4 22. g4 hxg4 23. f4 e5 24. Rxg4 Rd8 25. f5 Ne7 26. fxg6 f6
27. Rb5 Rd7 28. h5 f5 29. exf5 Nxf5 30. Bc1 Kf8 31. Rgxb4 Ke7 32. Rxb7 Rxb7 33.
Rxb7+ Kf6 34. Rf7+ Ke6 35. a4 Bh6 36. Rxf5 1-0

[Event "Detroit (MI Op/3/16)"]
[Site "?"]
[Date "1990.??.??"]
[Round "?"]
[White "Chehayeb, Sal"]
[Black "Stefanski, Mark"]
[Result "1-0"]
[WhiteElo "2140"]
[BlackElo "1900"]
[PlyCount "61"]
[EventDate "1990.??.??"]

{3/(16)} 1. e4 Nc6 2. d4 d5 3. exd5 Qxd5 4. Nf3 Bg4 5. Be2 O-O-O 6. c4 Qf5 7.
Be3 e6 8. O-O h5 9. a3 Bc5 10. Qa4 Bxd4 11. Bxd4 Nxd4 12. Nxd4 Rxd4 13. Nc3 Nf6
14. Qxa7 Rhd8 15. Qa8+ Kd7 16. Qxb7 Ke7 17. Qxc7+ R4d7 18. Qc6 Rd2 19. f3 Bh3
20. gxh3 Qxh3 21. Qc7+ R8d7 22. Qg3 Qf5 23. Rf2 g5 24. Bf1 h4 25. Qg2 Qc5 26.
Re1 h3 27. Qg3 Nh5 28. Ne4 Qd4 29. Qxg5+ f6 30. Qxd2 Qb6 31. Qb4+ 1-0

[Event "Detroit (RVO/4)"]
[Site "?"]
[Date "1990.??.??"]
[Round "?"]
[White "Chehayeb, Sal"]
[Black "Steen, Harold"]
[Result "1-0"]
[WhiteElo "2155"]
[BlackElo "1815"]
[PlyCount "57"]
[EventDate "1990.??.??"]

1. e4 d6 2. d4 Nf6 3. Nc3 g6 4. Bg5 Bg7 5. Qd2 h6 6. Be3 Ng4 7. Bc4 Nxe3 8.
fxe3 e5 9. O-O-O Nc6 10. Qf2 O-O 11. Nf3 Bg4 12. Qg3 Bxf3 13. gxf3 Kh7 14. Ne2
Na5 15. Bd3 Nc6 16. c3 a6 17. h4 h5 18. f4 b5 19. f5 b4 20. Rhg1 Qe8 21. d5 Ne7
22. cxb4 c5 23. bxc5 dxc5 24. Nc3 Rd8 25. Bxa6 Qd7 26. d6 Nxf5 27. exf5 Qxf5
28. Bd3 Qf6 29. Ne4 1-0

[Event "Detroit (RVO/3)"]
[Site "?"]
[Date "1990.??.??"]
[Round "?"]
[White "Chehayeb, Sal"]
[Black "McCarter, Robert"]
[Result "1-0"]
[WhiteElo "2155"]
[BlackElo "1725"]
[PlyCount "57"]
[EventDate "1990.??.??"]

1. e4 c6 2. d4 d5 3. exd5 cxd5 4. c4 Nf6 5. Nc3 e6 6. Nf3 Nc6 7. c5 Qc7 8. Nb5
Qb8 9. g3 e5 10. dxe5 Ng4 11. Nd6+ Bxd6 12. exd6 Be6 13. Bf4 Qc8 14. Bg2 O-O
15. O-O Nf6 16. a3 Re8 17. b4 b6 18. b5 bxc5 19. bxc6 Qxc6 20. Rc1 Ne4 21. Ne5
Qb6 22. Bxe4 dxe4 23. Be3 Qb7 24. Rxc5 Bh3 25. Rc7 Qa6 26. Nxf7 Qxf1+ 27. Qxf1
Bxf1 28. d7 Kxf7 29. d8=Q+ 1-0

[Event "Detroit (MI Op/1a/16)"]
[Site "?"]
[Date "1990.??.??"]
[Round "?"]
[White "Chehayeb, Sal"]
[Black "June, Brian"]
[Result "0-1"]
[WhiteElo "2140"]
[BlackElo "1865"]
[PlyCount "74"]
[EventDate "1990.??.??"]

1. e4 c5 2. Nf3 Nc6 3. d4 cxd4 4. Nxd4 e5 5. Nb5 a6 6. Nd6+ Bxd6 7. Qxd6 Qf6 8.
Qd1 Qg6 9. Nc3 Nge7 10. Be3 d5 11. exd5 Nb4 12. Rc1 Bf5 13. d6 Rd8 14. Bc5 Bxc2
15. Qf3 e4 16. Qf4 Nec6 17. a3 Nd3+ 18. Bxd3 Bxd3 19. Nd5 f6 20. Rg1 Qh5 21.
Nc7+ Kf7 22. g4 Qe5 23. Qe3 Qxb2 24. Rg3 Ne5 25. Bd4 Qxa3 26. Bxe5 fxe5 27. Qg5
Qb4+ 28. Kd1 Qxd6 29. Qf5+ Qf6 30. Qh5+ g6 31. Qh6 Qxf2 32. Rc3 Be2+ 33. Kc1
Rd1+ 34. Kb2 Bxg4+ 35. Ka3 Ra1+ 36. Kb4 Qd4+ 37. Rc4 a5+ 0-1

[Event "Detroit (MCO/4/4)"]
[Site "?"]
[Date "1990.??.??"]
[Round "?"]
[White "Chehayeb, Sal"]
[Black "Brooks, John"]
[Result "0-1"]
[WhiteElo "2150"]
[BlackElo "2230"]
[PlyCount "64"]
[EventDate "1990.??.??"]

{4/(4)} 1. e4 c5 2. Nf3 Nf6 3. Nc3 Nc6 4. d4 cxd4 5. Nxd4 e6 6. Be3 Bb4 7. Bd3
d5 8. Nxc6 bxc6 9. e5 Nd7 10. f4 c5 11. Bd2 c4 12. Be2 Rb8 13. O-O O-O 14. Kh1
Nc5 15. a3 Ba5 16. Be3 Qc7 17. Bd4 Rd8 18. Rb1 Bb6 19. Qe1 Qe7 20. Rf3 Bb7 21.
Rh3 Rbc8 22. Bf2 d4 23. Bh4 f6 24. Rg3 Kf8 25. Nd1 d3 26. cxd3 cxd3 27. Bf3 d2
28. Qf1 Ba6 29. Be2 Bxe2 30. Qxe2 Rd5 31. Qg4 Ne4 32. Rh3 Rc1 0-1

[Event "Lansing (MI Am/5/40)"]
[Site "?"]
[Date "1990.??.??"]
[Round "?"]
[White "Charnesky, B."]
[Black "Thibeault, T."]
[Result "1-0"]
[WhiteElo "1605"]
[BlackElo "1605"]
[PlyCount "23"]
[EventDate "1990.??.??"]

{5/(40)} 1. e4 e5 2. Nf3 Nc6 3. Bb5 Nf6 4. Bxc6 bxc6 5. Nxe5 Nxe4 6. Qe2 f5 7.
Qh5+ g6 8. Nxg6 Rg8 9. d3 Rxg6 10. dxe4 Qg5 11. Bxg5 Ba6 12. exf5 1-0

[Event "Lansing (MI Am/3/49)"]
[Site "?"]
[Date "1990.??.??"]
[Round "?"]
[White "Charnesky, B."]
[Black "Lenning, B."]
[Result "0-1"]
[WhiteElo "1605"]
[BlackElo "1605"]
[PlyCount "90"]
[EventDate "1990.??.??"]

{3/(49)} 1. e4 c6 2. d4 d5 3. exd5 cxd5 4. Bf4 Nf6 5. c4 e6 6. cxd5 Nxd5 7. Be5
Nd7 8. Nf3 Be7 9. Bc4 O-O 10. O-O b6 11. Nc3 Nxc3 12. bxc3 Bb7 13. Bxg7 Kxg7
14. Nh4 Bxh4 15. Qg4+ Kh8 16. g3 Rg8 17. Qh5 Qg5 18. Qxf7 Qe7 19. Bxe6 Qxf7 20.
Bxf7 Rg7 21. Be6 Nf6 22. c4 Ne4 23. Bd5 Bxd5 24. cxd5 Bf6 25. f3 Nc3 26. Rac1
Ne2+ 27. Kh1 Nxc1 28. Rxc1 Bxd4 29. Rd1 Bc5 30. d6 Rd7 31. f4 Rxd6 32. Rxd6
Bxd6 33. f5 b5 34. Kg2 b4 35. Kf3 a5 36. g4 a4 37. f6 b3 38. axb3 axb3 39. Ke4
b2 40. Kd5 Bxh2 41. f7 b1=Q 42. Ke6 Qg6+ 43. Ke7 Ra7+ 44. Ke8 Qxf7+ 45. Kd8
Ra8# 0-1

[Event "Lansing (MI Am/1/34)"]
[Site "?"]
[Date "1990.??.??"]
[Round "?"]
[White "Charnesky, B."]
[Black "Guzman, J."]
[Result "0-1"]
[WhiteElo "1605"]
[BlackElo "1755"]
[PlyCount "98"]
[EventDate "1990.??.??"]

{1/(34)} 1. e4 c5 2. d4 cxd4 3. Bc4 Nc6 4. Nf3 Nf6 5. c3 dxc3 6. Nxc3 e6 7. Be3
Be7 8. O-O O-O 9. e5 Ne8 10. Qd2 d6 11. exd6 Nxd6 12. Bb5 Nxb5 13. Qxd8 Rxd8
14. Nxb5 e5 15. Nc7 Rb8 16. Nxe5 Nxe5 17. Bxa7 Bf5 18. Rae1 Bf6 19. Bxb8 Rxb8
20. Nd5 Bd3 21. Ne7+ Bxe7 22. Rxe5 Bf6 23. Ree1 Bxf1 24. Rxf1 Bxb2 25. Rb1 Bf6
26. g3 g6 27. Rb6 Bd4 28. Rd6 Bc5 29. Rd5 b6 30. a4 Ra8 31. Kg2 Rxa4 32. f4
Ra2+ 33. Kh3 Bg1 34. g4 Bxh2 35. f5 gxf5 36. gxf5 Kg7 37. Kh4 Ra5 38. Rxa5 bxa5
39. Kg5 Be5 40. f6+ Bxf6+ 41. Kf5 a4 42. Ke4 a3 43. Kd3 a2 44. Kc2 a1=Q 45. Kb3
Qc3+ 46. Ka4 Qb2 47. Ka5 Bd4 48. Ka4 Bc5 49. Ka5 Qb4+ 0-1

[Event "Detroit (MCO/3/29)"]
[Site "?"]
[Date "1990.??.??"]
[Round "?"]
[White "Chaney, M."]
[Black "Taylor, D."]
[Result "1-0"]
[WhiteElo "1605"]
[BlackElo "1605"]
[PlyCount "95"]
[EventDate "1990.??.??"]

{3/(29)} 1. e4 e5 2. Nf3 d6 3. Nc3 f6 4. Bc4 Nh6 5. O-O Be7 6. d4 Kf8 7. Nd5
Nc6 8. Nxe7 Kxe7 9. dxe5 fxe5 10. Bg5+ Ke8 11. Bxd8 Kxd8 12. Bd5 Re8 13. c4 Bd7
14. b4 Nxb4 15. Bxb7 Rb8 16. Qd2 Rxb7 17. Qg5+ Re7 18. Rfc1 Bc6 19. a3 Nd3 20.
Rd1 Bxe4 21. Rab1 Nc5 22. Nh4 Bxb1 23. h3 Bc2 24. Rc1 Bb1 25. Nf5 Ng8 26. Nxe7
Nxe7 27. Qxg7 Nb3 28. Rxb1 Na5 29. Rxb7 Nxb7 30. Qxh7 Na5 31. Qh8+ Kd7 32. Qa8
Nxc4 33. Qxa7 d5 34. Kf1 d4 35. Qa4+ c6 36. Qxc4 Nd5 37. Ke2 Nc3+ 38. Kd2 Ne4+
39. Kd3 Nc5+ 40. Qxc5 e4+ 41. Kxe4 d3 42. Kxd3 Kc7 43. f4 Kd7 44. f5 Kc7 45. f6
Kd7 46. f7 Kc7 47. f8=Q Kd7 48. Qce7# 1-0

[Event "Detroit (MCO/1/21)"]
[Site "?"]
[Date "1990.??.??"]
[Round "?"]
[White "Chaney, M."]
[Black "Franke, R."]
[Result "0-1"]
[WhiteElo "1605"]
[BlackElo "1835"]
[PlyCount "90"]
[EventDate "1990.??.??"]

{1/(21)} 1. d4 Nf6 2. e3 e6 3. Bd3 d5 4. Nf3 c5 5. c3 c4 6. Bc2 Nc6 7. Nbd2 Be7
8. O-O O-O 9. Re1 Qc7 10. e4 dxe4 11. Nxe4 Nxe4 12. Bxe4 f5 13. Bc2 Bf6 14. g3
h6 15. Bf4 Qf7 16. Ne5 Nxe5 17. Bxe5 Bd7 18. Bxf6 Qxf6 19. d5 exd5 20. Qxd5+
Qf7 21. Qxf7+ Kxf7 22. Rad1 Be6 23. Rd6 Rfe8 24. Bd1 g6 25. Bf3 Rad8 26. Rxd8
Rxd8 27. Bxb7 Rb8 28. Bf3 Rxb2 29. a4 Rc2 30. Rb1 Rxc3 31. Kg2 Rb3 32. Rxb3
cxb3 33. Bd1 b2 34. Bc2 Ba2 35. Kf3 Ke6 36. Ke3 Kd5 37. Kd3 b1=Q 38. Bxb1 Bxb1+
39. Kc3 Kc5 40. f4 Be4 41. h4 a5 42. Kd2 Bc6 43. Kc3 Bxa4 44. Kb2 Kd4 45. Ka3
Bd7 0-1

[Event "Lansing (MI Am/1/15)"]
[Site "?"]
[Date "1990.??.??"]
[Round "?"]
[White "Chandler, P."]
[Black "Jensen, D."]
[Result "1-0"]
[WhiteElo "1910"]
[BlackElo "1605"]
[PlyCount "85"]
[EventDate "1990.??.??"]

{1/(15)} 1. d4 d5 2. c4 e6 3. Nc3 Nf6 4. e3 Be7 5. Nf3 O-O 6. Bd3 Nbd7 7. O-O
b6 8. cxd5 exd5 9. Ne5 Bb7 10. Qc2 Nxe5 11. dxe5 Ne4 12. Nxe4 dxe4 13. Bxe4
Bxe4 14. Qxe4 Qd7 15. b3 Rad8 16. Qc2 c5 17. Bb2 Qd2 18. Rac1 Qxc2 19. Rxc2 Rd3
20. Rfc1 Rfd8 21. Kf1 Rd2 22. Ke1 Rxc2 23. Rxc2 f6 24. Rd2 Kf7 25. exf6 gxf6
26. Rxd8 Bxd8 27. Kd2 Ke6 28. Kd3 Bc7 29. h3 Be5 30. Bxe5 Kxe5 31. f4+ Ke6 32.
g4 b5 33. g5 f5 34. h4 Kf7 35. h5 Kg7 36. e4 fxe4+ 37. Kxe4 Kf7 38. Kd5 c4 39.
bxc4 bxc4 40. Kxc4 Ke6 41. g6 hxg6 42. hxg6 Kf6 43. f5 1-0

[Event "Flint (Class C/4)"]
[Site "?"]
[Date "1990.??.??"]
[Round "?"]
[White "Carr, James"]
[Black "Troupe, D."]
[Result "0-1"]
[WhiteElo "1605"]
[BlackElo "1605"]
[PlyCount "39"]
[EventDate "1990.??.??"]

1. e4 e5 2. Nf3 Nc6 3. Bb5 Nge7 4. Nc3 a6 5. Ba4 b5 6. Bb3 h6 7. d3 d6 8. Be3
Bg4 9. h3 Bh5 10. g4 Bg6 11. Qd2 Qd7 12. Bd5 Nxd5 13. Nxd5 Ne7 14. Qc3 Nxd5 15.
exd5 Be7 16. Bd2 Bf6 17. Qc6 Qxc6 18. dxc6 e4 19. dxe4 Bxe4 20. O-O-O 0-1

[Event "Flint (Class C/2)"]
[Site "?"]
[Date "1990.??.??"]
[Round "?"]
[White "Carr, James"]
[Black "Rosebrook, G."]
[Result "1-0"]
[WhiteElo "1605"]
[BlackElo "1605"]
[PlyCount "75"]
[EventDate "1990.??.??"]

1. e4 c5 2. Nf3 Nf6 3. e5 Nd5 4. Nc3 e6 5. Nxd5 exd5 6. d4 Be7 7. dxc5 Qa5+ 8.
Bd2 Qxc5 9. Be3 Qc7 10. Qxd5 Nc6 11. Bc4 O-O 12. O-O-O Nb4 13. Qe4 b6 14. Qxa8
Qxc4 15. Nd4 Qxa2 16. Kd2 Nd5 17. Ra1 Bb4+ 18. Kd3 Ba6+ 19. Ke4 Qxb2 20. Qxd5
Bc8 21. Qb3 Bb7+ 22. Kd3 Qxb3+ 23. Nxb3 Rc8 24. c4 Rc7 25. Rxa7 Be4+ 26. Kxe4
Rxa7 27. Bxb6 Rb7 28. Bc5 Bc3 29. Rb1 h6 30. Nd2 Rc7 31. Bd6 Rc6 32. Kd3 Bxd2
33. Kxd2 Rxc4 34. Kd3 Ra4 35. Rb7 f6 36. Rxd7 Kh7 37. e6 Kg6 38. e7 1-0

[Event "Detroit (MOR/6/56)"]
[Site "?"]
[Date "1990.??.??"]
[Round "?"]
[White "Carpenter, T."]
[Black "Shields, S."]
[Result "0-1"]
[WhiteElo "1605"]
[BlackElo "1605"]
[PlyCount "50"]
[EventDate "1990.??.??"]

{6/(56)} 1. e4 e6 2. Bb5 Be7 3. d3 c6 4. Ba4 Nf6 5. Nc3 O-O 6. Be3 d5 7. Nf3
Bb4 8. O-O Be7 9. e5 Ng4 10. Bf4 f5 11. Qd2 Nd7 12. h3 Ngxe5 13. Nxe5 Nxe5 14.
Bxe5 Bd6 15. Qe3 Bd7 16. Qg3 Be8 17. Bxd6 Rf7 18. Bc7 Rxc7 19. Rfe1 Re7 20.
Rab1 c5 21. Bb3 g6 22. f4 Qd6 23. Qf3 Bf7 24. Re2 Rae8 25. Rd1 c4 {[Remainder
of scoresheet illegible]} 0-1

[Event "Detroit (MOR/1a/30)"]
[Site "?"]
[Date "1990.??.??"]
[Round "?"]
[White "Carpenter, T."]
[Black "Kezele, P."]
[Result "0-1"]
[WhiteElo "1605"]
[BlackElo "1605"]
[PlyCount "42"]
[EventDate "1990.??.??"]

1. e4 c5 2. Bc4 Nc6 3. Nf3 d6 4. O-O Nf6 5. d4 cxd4 6. Nxd4 Nxe4 7. Bb5 Bd7 8.
Qf3 Nxd4 9. Bxd7+ Qxd7 10. Qxe4 Nc6 11. Bg5 h6 12. Qh4 Ne5 13. f3 Ng6 14. Qh5
hxg5 15. Qxg5 O-O-O 16. Qa5 e5 17. Qxa7 Qf5 18. Nc3 Nf4 19. Qa4 d5 20. Rfd1
Bc5+ 21. Kh1 Rxh2+ 0-1

[Event "Detroit (MOR/3/63)"]
[Site "?"]
[Date "1990.??.??"]
[Round "?"]
[White "Carpenter, T."]
[Black "Donovan, R."]
[Result "0-1"]
[WhiteElo "1605"]
[BlackElo "1605"]
[PlyCount "54"]
[EventDate "1990.??.??"]

{3/(63)} 1. e4 e5 2. Nf3 Nc6 3. Bc4 Nf6 4. d3 d6 5. Bg5 Be7 6. Nc3 Bg4 7. Qd2
Bxf3 8. gxf3 O-O 9. f4 exf4 10. Qxf4 h6 11. Bh4 Nh5 12. Qg4 Bxh4 13. Qxh5 Nd4
14. O-O-O Qg5+ 15. Qxg5 Bxg5+ 16. Kb1 Nf3 17. Ne2 Nd2+ 18. Rxd2 Bxd2 19. f4
Rae8 20. f5 c6 21. Nd4 d5 22. Bb3 dxe4 23. Ne6 e3 24. Rg1 fxe6 25. fxe6 e2 26.
e7+ Kh7 27. Bf7 Rxe7 0-1

[Event "Detroit (MOR/7/43)"]
[Site "?"]
[Date "1990.??.??"]
[Round "?"]
[White "Carpenter, O."]
[Black "Workman, K."]
[Result "1-0"]
[WhiteElo "1605"]
[BlackElo "1605"]
[PlyCount "62"]
[EventDate "1990.??.??"]

{7/(43)} 1. e4 e6 2. d4 a6 3. Nf3 b5 4. Nc3 Bb7 5. Bd3 Bb4 6. a3 Bxc3+ 7. bxc3
d5 8. e5 Nd7 9. O-O Ne7 10. Rb1 Nb6 11. Nh4 O-O 12. Nf3 h6 13. Nh4 Nc4 14. a4
c6 15. f4 Bc8 16. f5 Nxf5 17. Nxf5 exf5 18. Bxf5 Bxf5 19. Rxf5 g5 20. Rf6 Kh8
21. Rxh6+ Kg7 22. Qh5 Rh8 23. Bxg5 Nxe5 24. Rxh8 Nf3+ 25. gxf3 Qxg5+ 26. Qxg5+
Kxh8 27. Qf6+ Kg8 28. Re1 bxa4 29. Re7 Rf8 30. Re5 a3 31. Rg5+ Kh7 1-0

[Event "Detroit (MOR/1a/20)"]
[Site "?"]
[Date "1990.??.??"]
[Round "?"]
[White "Carpenter, O."]
[Black "Tanner, M."]
[Result "0-1"]
[WhiteElo "1605"]
[BlackElo "1655"]
[PlyCount "79"]
[EventDate "1990.??.??"]

1. e4 c5 2. d4 cxd4 3. c3 dxc3 4. Nxc3 e6 5. Nf3 d6 6. Bd3 Nc6 7. O-O Nf6 8.
Be3 Be7 9. Qe2 O-O 10. a3 a6 11. Na4 b5 12. Nc3 Bb7 13. h3 Rc8 14. b4 Nxb4 15.
axb4 Rxc3 16. Bd2 Rc8 17. Rac1 Rxc1 18. Rxc1 Qa8 19. Bg5 Rc8 20. Rxc8+ Qxc8 21.
Bxf6 Bxf6 22. Qe3 h6 23. h4 Qc7 24. g3 Qc6 25. e5 Qc1+ 26. Kg2 Bxe5 27. Qb6
Bxf3+ 28. Kxf3 Qh1+ 29. Ke3 Qa8 30. Qc7 g5 31. Be4 d5 32. Qxe5 dxe4 33. Qxe4
Qxe4+ 34. Kxe4 Kf8 35. Ke5 Ke7 36. h5 f6+ 37. Ke4 Kd6 38. g4 Kc6 39. f3 a5 40.
bxa5 $138 0-1

[Event "Flint (Class DEU/5)"]
[Site "?"]
[Date "1990.??.??"]
[Round "?"]
[White "Carpenter, O."]
[Black "Simerson, M."]
[Result "1-0"]
[WhiteElo "1605"]
[BlackElo "1605"]
[PlyCount "107"]
[EventDate "1990.??.??"]

1. e4 c5 2. d4 e6 3. Nf3 Nc6 4. Nc3 d5 5. exd5 exd5 6. Be3 Nf6 7. dxc5 a6 8. a3
Be7 9. b4 a5 10. b5 Na7 11. a4 Ng4 12. Bd4 O-O 13. Bd3 Re8 14. O-O Bf6 15. Bxf6
Qxf6 16. Nxd5 Qd8 17. Qd2 Be6 18. Nf4 Qc7 19. b6 Qxc5 20. bxa7 Qxa7 21. Nxe6
Rxe6 22. Bf5 Ne3 23. fxe3 Rxe3 24. Qd4 Rxf3 25. Qxa7 Rxf1+ 26. Rxf1 Rxa7 27.
Re1 Ra8 28. Re7 Rb8 29. Be4 b6 30. Rb7 Rxb7 31. Bxb7 f5 32. Kf2 Kf7 33. Kf3 Kf6
34. g3 Ke5 35. Ke3 g5 36. h3 f4+ 37. gxf4+ gxf4+ 38. Kf3 h6 39. Be4 Kd6 40.
Kxf4 Kc5 41. Ke3 b5 42. axb5 a4 43. Bh7 Kxb5 44. Bg8 Kb4 45. Kd3 a3 46. Bf7 Kc5
47. Kc3 Kd6 48. Kb3 a2 49. Kxa2 Ke7 50. Bd5 Kf6 51. Kb3 Kg5 52. Bc6 Kh4 53. c4
Kxh3 54. c5 1-0

[Event "Flint (Class DEU/1)"]
[Site "?"]
[Date "1990.??.??"]
[Round "?"]
[White "Carpenter, O."]
[Black "Shelters, Richard"]
[Result "1-0"]
[WhiteElo "1605"]
[BlackElo "1605"]
[PlyCount "53"]
[EventDate "1990.??.??"]

1. e4 e5 2. f4 exf4 3. Nf3 Nf6 4. e5 Nd5 5. c4 Nb4 6. d4 d6 7. a3 N4c6 8. Bxf4
Bg4 9. Be2 Nd7 10. O-O dxe5 11. dxe5 Bc5+ 12. Kh1 Bxf3 13. Bxf3 Ncxe5 14. Re1
Qe7 15. Nc3 c6 16. Qe2 O-O 17. Be4 Nf6 18. Bxe5 Rfe8 19. Bxf6 Qxf6 20. Qh5 b6
21. Qxh7+ Kf8 22. Qh8+ Ke7 23. Bxc6+ Kd6 24. Rxe8 Rxe8 25. Qxe8 Qe7 26. Rd1+
Kc7 27. Nd5+ 1-0

[Event "Detroit (MOR/3/54)"]
[Site "?"]
[Date "1990.??.??"]
[Round "?"]
[White "Carpenter, O."]
[Black "Rosebrook, G."]
[Result "0-1"]
[WhiteElo "1605"]
[BlackElo "1605"]
[PlyCount "70"]
[EventDate "1990.??.??"]

{3/(54)} 1. e4 c5 2. d3 e5 3. Nd2 Nf6 4. Ngf3 Nc6 5. g3 d6 6. Bg2 Be7 7. O-O h6
8. a3 a5 9. c4 Bg4 10. h3 Bd7 11. Re1 Qc8 12. Kh2 g5 13. Ng1 Nd4 14. f3 h5 15.
Nb3 Ba4 16. Bxg5 Bxb3 17. Qd2 Nc2 18. Qc3 Nxa1 19. Rxa1 Ba4 20. b4 Ng4+ 21.
fxg4 Bxg5 22. Nf3 Bd8 23. Nxe5 Bf6 24. bxc5 Bxe5 25. d4 Bf6 26. Re1 hxg4 27. h4
Bxh4 28. gxh4 Rxh4+ 29. Kg3 Rh5 30. cxd6 Kd7 31. d5 Qd8 32. e5 Qh4+ 33. Kf4
Qf2+ 34. Kxg4 Qf5+ 35. Kg3 Rg8# 0-1

[Event "Detroit (MOR/5/56)"]
[Site "?"]
[Date "1990.??.??"]
[Round "?"]
[White "Carpenter, O."]
[Black "Nicolli, Randy"]
[Result "1-0"]
[WhiteElo "1605"]
[BlackElo "1605"]
[PlyCount "76"]
[EventDate "1990.??.??"]

{5/(56)} 1. e4 e5 2. f4 d6 3. Nf3 Qe7 4. Nc3 Nf6 5. Bc4 Bg4 6. O-O Nbd7 7. Qe1
Bxf3 8. Rxf3 O-O-O 9. Qf2 b6 10. Ba6+ Kb8 11. Qe2 Ka8 12. Qc4 Nb8 13. Bb5 Rc8
14. Bc6+ Nxc6 15. Qxc6+ Kb8 16. Nb5 a6 17. Ra3 a5 18. b4 Qd7 19. Qxd7 Nxd7 20.
bxa5 bxa5 21. Rxa5 exf4 22. Rb1 Nb6 23. Na7 Re8 24. d3 g5 25. Bb2 Rg8 26. Bd4
Kb7 27. Nb5 c5 28. Ra7+ Kb8 29. Bc3 Re7 30. Rxe7 Bxe7 31. Ba5 Bd8 32. Nxd6 Ka7
33. Nxf7 Bc7 34. Ne5 Ka6 35. Nc4 Rb8 36. Bxb6 Bxb6 37. Rxb6+ Rxb6 38. Nxb6 Kxb6
{[Remainder illegible]} 1-0

[Event "Flint (Class DEU/3)"]
[Site "?"]
[Date "1990.??.??"]
[Round "?"]
[White "Carpenter, O."]
[Black "Mihelich, John"]
[Result "0-1"]
[WhiteElo "1605"]
[BlackElo "1605"]
[PlyCount "31"]
[EventDate "1990.??.??"]

1. e4 e5 2. f4 exf4 3. Nf3 Be7 4. Bc4 d6 5. Nc3 Bh4+ 6. g3 fxg3 7. O-O gxh2+ 8.
Kh1 Be6 9. Bb3 Nd7 10. Nxh4 Qxh4 11. Bxe6 fxe6 12. Qf3 Ngf6 13. e5 Nxe5 14.
Qxb7 O-O 15. Qxc7 Nfg4 16. Qc4 0-1

[Event "Detroit (MOR/4/24)"]
[Site "?"]
[Date "1990.??.??"]
[Round "?"]
[White "Carpenter, George"]
[Black "Workman, K."]
[Result "1-0"]
[WhiteElo "1605"]
[BlackElo "1605"]
[PlyCount "89"]
[EventDate "1990.??.??"]

{4/(24)} 1. Nf3 a6 2. g3 b5 3. Bg2 Bb7 4. O-O c5 5. d3 e6 6. Nbd2 d5 7. Re1 Nf6
8. c3 Be7 9. e4 O-O 10. e5 Nfd7 11. d4 Nc6 12. Re3 Qb6 13. Nb3 c4 14. Nbd2 f6
15. h4 Rf7 16. Qe1 Raf8 17. exf6 Rxf6 18. Rxe6 Bc8 19. Rxe7 Nxe7 20. Qxe7 Re6
21. Qg5 Nf6 22. Ne5 h6 23. Qg6 Ne4 24. Qh5 Nf6 25. Qe2 Qc7 26. Ndf3 Ng4 27. Bh3
h5 28. Bf4 Qb7 29. Qd2 Ref6 30. Bxg4 Bxg4 31. Ng5 Bf5 32. Re1 Qc8 33. Qe2 Bg4
34. f3 Bf5 35. Bc1 a5 36. b3 cxb3 37. Qxb5 bxa2 38. Bd2 Bb1 39. Rxb1 axb1=Q+
40. Qxb1 Rf5 41. Qb5 Qa8 42. c4 dxc4 43. Qxc4+ R8f7 44. Nexf7 Qd5 45. Qc8+ 1-0

[Event "Detroit (MOR/7/31)"]
[Site "?"]
[Date "1990.??.??"]
[Round "?"]
[White "Carpenter, George"]
[Black "Winkelspecht, A."]
[Result "1/2-1/2"]
[WhiteElo "1605"]
[BlackElo "1605"]
[PlyCount "82"]
[EventDate "1990.??.??"]

{7/(31)} 1. Nf3 c6 2. g3 d5 3. Bg2 Bg4 4. O-O Nd7 5. d3 Bxf3 6. Bxf3 Ne5 7. Bg2
Qd7 8. Nd2 O-O-O 9. e4 dxe4 10. Nxe4 Nf6 11. Nc5 Qg4 12. Qxg4+ Nexg4 13. Re1 e6
14. Ne4 Nxe4 15. Bxe4 Bc5 16. Re2 Nxf2 17. Rxf2 Bxf2+ 18. Kxf2 f5 19. Bg2 h5
20. Bf4 Rde8 21. Re1 Kd7 22. d4 h4 23. Be5 hxg3+ 24. hxg3 Rh7 25. Kf3 g5 26.
Rh1 Rxh1 27. Bxh1 g4+ 28. Kf4 Rg8 29. c4 Rg6 30. d5 Rh6 31. dxe6+ Kxe6 32. Bd5+
cxd5 33. cxd5+ Kxd5 34. Bb8 Rh5 35. Bxa7 b5 36. b4 Kc4 37. Bc5 Rh3 38. Bd6 Rh5
39. Bc5 Kc3 40. Be7 Kb2 41. Bg5 Rxg5 1/2-1/2

[Event "Flint (Class B/2)"]
[Site "?"]
[Date "1990.??.??"]
[Round "?"]
[White "Carpenter, George"]
[Black "Smith, Robert"]
[Result "0-1"]
[WhiteElo "1605"]
[BlackElo "1720"]
[PlyCount "76"]
[EventDate "1990.??.??"]

1. Nf3 Nf6 2. g3 d5 3. Bg2 c5 4. O-O Nc6 5. d3 e6 6. Nbd2 Be7 7. Re1 O-O 8. e4
b6 9. c3 dxe4 10. dxe4 Bb7 11. Qc2 Qc7 12. e5 Nd7 13. Nc4 b5 14. Bg5 bxc4 15.
Bxe7 Nxe7 16. Ng5 Ng6 17. f4 Bxg2 18. Kxg2 h6 19. Nxe6 Qc6+ 20. Kg1 Rfe8 21.
Nc7 Qxc7 22. e6 Nf6 23. Qf5 Re7 24. Rad1 Nf8 25. exf7+ Kxf7 26. g4 Rxe1+ 27.
Rxe1 g6 28. Qc2 Qxf4 29. Rf1 Qxg4+ 30. Kh1 Kg7 31. Qf2 Qg5 32. h4 Qe5 33. Re1
Qd6 34. Qg2 Re8 35. Qb7+ Kg8 36. Rxe8 Nxe8 37. h5 Qd1+ 38. Kg2 Qg4+ 0-1

[Event "Flint (Class B/3)"]
[Site "?"]
[Date "1990.??.??"]
[Round "?"]
[White "Carpenter, George"]
[Black "Rostrom, Richard"]
[Result "0-1"]
[WhiteElo "1605"]
[BlackElo "1720"]
[PlyCount "64"]
[EventDate "1990.??.??"]

1. e4 c6 2. Nf3 d5 3. exd5 cxd5 4. d4 Bg4 5. Be2 Nc6 6. Be3 e6 7. O-O Nf6 8. h3
Bf5 9. Nc3 Be7 10. Qd2 Ne4 11. Nxe4 Bxe4 12. Ng5 Bg6 13. c3 h6 14. Nf3 Be4 15.
Ne5 Nxe5 16. dxe5 a6 17. f3 Bg6 18. g4 Rc8 19. f4 Be4 20. Bd4 Bc5 21. f5 Bxd4+
22. Qxd4 Qh4 23. Qe3 Qg5 24. Qf2 exf5 25. Kh2 Qe7 26. gxf5 Qxe5+ 27. Kg1 Qf6
28. Rae1 O-O 29. h4 Kh8 30. Rd1 g6 31. Qf4 gxf5 32. Bd3 Rg8+ 0-1